000 00319nam a2200109Ia 4500
008 220204s9999 xx 000 0 und d
082 _a678.4:633.912.11:551.5
_bHAI
100 _aHaines, W B
245 0 _aSummary of meterological records soils division (RRIM bulletin. 4)
260 _aMalaysia
_bRRIM
_c1931
942 _cBK
999 _c21698
_d21698